| 000 | 00757cam a22002535a 4500 | ||
|---|---|---|---|
| 001 | 18773420 | ||
| 003 | ARRUPE | ||
| 005 | 20160509092758.0 | ||
| 008 | 150905s2015 xx 000 0 eng | ||
| 010 | _a 2015472163 | ||
| 020 | _a9781847011305 | ||
| 020 | _a1847011306 | ||
| 040 |
_aDLC _cDLC |
||
| 042 | _apcc | ||
| 050 | _aHD666.A258 | ||
| 245 | 0 | 0 |
_aAfrica's Land Rush _bRural Livelihoods and Agrarian Change. _cRuth Hall, Ian Scoones and Dzodzi Tsikata ed. |
| 260 |
_bJames Currey Ltd _c2015. |
||
| 300 |
_axix, 204p. _c22cm. |
||
| 650 | 0 |
_aLand tenure _zAfrica. _922151 |
|
| 650 | 0 |
_aLand use, Rural _zAfrica. _922152 |
|
| 906 |
_a0 _bibc _corigres _d2 _encip _f20 _gy-gencatlg |
||
| 942 |
_2lcc _cMONOGRAPH |
||
| 999 |
_c124122 _d124122 |
||